MARC

LEADER 00000nam0a2200000 4500
001 319019
005 20231102003134.0
035 |a (RuTPU)RU\TPU\book\344524 
035 |a RU\TPU\book\183812 
035 |a RU\TPU\book\343053 
035 |a RU\TPU\book\344490 
090 |a 319019 
100 |a 20091112d1972 k y0rusy50 ca 
101 0 |a rus 
102 |a KZ 
105 |a a z 001zy 
200 1 |a Комплексное использование рудного сырья Казахстана в черной металлургии  |e [сборник статей]  |f Академия наук Казахской ССР (АН КазССР), Химико-металлургический институт (ХМИ) ; отв. ред. Б. Г. Пластинин 
210 |a Алма-Ата  |c Наука  |d 1972 
215 |a 236 с.  |c ил. 
225 1 |a Труды Химико-металлургического института  |v Т. 13 
320 |a Библиогр. в конце ст. 
606 1 |a Железные руды  |x Использование комплексное  |2 stltpush  |3 (RuTPU)RU\TPU\subj\10506  |9 37569 
606 1 |a Марганцевые руды  |x Переработка  |2 stltpush  |3 (RuTPU)RU\TPU\subj\41028  |9 60850 
610 1 |a химические процессы 
610 1 |a обогащение 
610 1 |a известняки 
610 1 |a Казахстан 
610 1 |a разрушение 
610 1 |a окомкование 
610 1 |a газодинамика 
610 1 |a окисление 
610 1 |a термодинамика 
675 |a 622.341.1  |v 4 
675 |a 669.74  |v 4 
702 1 |a Пластинин  |b Б. Г.  |4 340 
712 0 2 |a Академия наук Казахской ССР (АН КазССР)  |b Химико-металлургический институт (ХМИ)  |c (Караганда)  |2 stltpush  |3 (RuTPU)RU\TPU\col\7909 
801 1 |a RU  |b 63413507  |c 20160517 
801 2 |a RU  |b 63413507  |c 20190830  |g RCR 
942 |c BK